[Event "Gothenburg op"]
[Site "Gothenburg"]
[Date "2023.08.11"]
[Round "1"]
[White "Wesslen, Ulf"]
[Black "Al Saab, Ranny"]
[Result "1-0"]
[WhiteElo "1916"]
[BlackElo "1598"]
[PlyCount "95"]
[EventDate "2023.08.11"]
[EventType "swiss"]
[EventRounds "8"]
[EventCountry "SWE"]
[SourceTitle "CBM 215 Extra"]
[Source "ChessBase"]
[SourceDate "2023.09.30"]
[SourceVersion "1"]
[SourceVersionDate "2023.09.30"]
[SourceQuality "1"]

1. e4 e5 2. Nf3 Nf6 3. Nxe5 Nc6 4. Nf3 Nxe4 5. d4 d5 6. Be2 Be7 7. 0-0 0-0 8. c4 dxc4 9. Bxc4 Bg4 10. Nc3 Ng5 11. Be3 Nxf3+ 12. gxf3 Bh3 13. Re1 Qd6 14. Kh1 Rad8 15. Ne4 Qb4 16. b3 Ne5 17. Bd2 Rxd4 18. Bxb4 Rxd1 19. Bxe7 Rxa1 20. Rxa1 Re8 21. Rd1 Nxc4 22. bxc4 h6 23. Bc5 b6 24. Be3 a5 25. Nc3 Be6 26. Nd5 Bh3 27. Nxc7 Rc8 28. Bxb6 a4 29. c5 Kh7 30. Nd5 Be6 31. Kg2 Re8 32. Nc7 Re7 33. Re1 Bh3+ 34. Kxh3 Rxe1 35. Nb5 Rc1 36. Nd4 Rd1 37. c6 Rc1 38. c7 Kg6 39. Nb5 Rc6 40. Na7 Rxb6 41. c8Q Rf6 42. Kg3 Kh7 43. Nc6 h5 44. h4 Rg6+ 45. Kh3 Rf6 46. Ne5 Rf4 47. Qc2+ f5 48. Kg3 1-0

[Event "Gothenburg op"]
[Site "Gothenburg"]
[Date "2022.08.14"]
[Round "7"]
[White "Al Saab, Ranny"]
[Black "Hammar, Arvid"]
[Result "1-0"]
[WhiteElo "1516"]
[BlackElo "1384"]
[PlyCount "55"]
[EventDate "2022.08.12"]
[EventType "swiss"]
[EventRounds "8"]
[EventCountry "SWE"]
[SourceTitle "CBM 209 Extra"]
[Source "ChessBase"]
[SourceDate "2022.09.30"]
[SourceVersion "1"]
[SourceVersionDate "2022.09.30"]
[SourceQuality "1"]

1. e4 e5 2. Nf3 Nc6 3. Bc4 Nf6 4. d3 d6 5. Bg5 Be7 6. h3 Be6 7. Bb3 Qd7 8. Nc3 0-0-0 9. Nd5 Bxd5 10. exd5 Nd4 11. c3 Nf5 12. Ba4 b5 13. Bb3 h6 14. Bxf6 Bxf6 15. a4 a6 16. axb5 axb5 17. c4 Nd4 18. Nxd4 exd4 19. 0-0 Qf5 20. Ra5 bxc4 21. Bxc4 c5 22. Ra7 Rd7 23. Ra8+ Kc7 24. Rxh8 Bd8 25. Qa4 Kb8 26. Qb5+ Ka7 27. Ra1+ Ba5 28. Rxa5# 1-0